书目信息 |
| 题名: |
条形码技术与应用
|
|
| 作者: | 韦元华 , 舟子 主编 | |
| 分册: | ||
| 出版信息: | 北京 纺织工业出版社 2003.06 |
|
| 页数: | 332页 | |
| 开本: | 21cm | |
| 丛书名: | ||
| 单 册: | ||
| 中图分类: | TP391.44 | |
| 科图分类: | ||
| 主题词: | 计算机应用 | |
| 电子资源: | ||
| ISBN: | 7-5064-2595-5 | |
| 000 | 00613nam0 2200205 450 | |
| 001 | 0432870699 | |
| 005 | 20041229090750.49 | |
| 010 | @a7-5064-2595-5@dCNY30.00 | |
| 100 | @a20041229d2003 km y0chiy0120 ea | |
| 101 | 0 | @achi |
| 102 | @aCN@b110000 | |
| 200 | 1 | @a条形码技术与应用@Atiao xing ma ji shu yu ying yong@f韦元华,舟子主编@Fwei yuan hua,zhou zi zhu bian |
| 210 | @a北京@c纺织工业出版社@d2003.06 | |
| 215 | @a332页@d21cm | |
| 606 | 0 | @a计算机应用 |
| 690 | @aTP391.44@v4 | |
| 701 | 0 | @a韦元华@Awei yuan hua@4主编 |
| 701 | 0 | @a舟子@Azhou zi@4主编 |
| 801 | 0 | @aCN@bPFT@c20041229 |
| 905 | @aBZT@dTP391.44@e1@f16 | |
| 条形码技术与应用/韦元华,舟子主编.-北京:纺织工业出版社,2003.06 |
| 332页;21cm |
| ISBN 7-5064-2595-5:CNY30.00 |
| ● |
| 相关链接 |
|
|
|
正题名:条形码技术与应用
索取号:TP391.44/1
 
预约/预借
| 序号 | 登录号 | 条形码 | 馆藏地/架位号 | 状态 | 备注 |
| 1 | 0363508 | 230081173 | 中心书库中库/ 中库026架B面5列1层41/ [索取号:TP391.44/1] | 在馆 | |
| 2 | 0363509 | 230081175 | 中心书库中库/ 中库026架B面5列1层31/ [索取号:TP391.44/1] | 在馆 | |
| 3 | 0363510 | 230081169 | 中心书库中库/ 中库026架B面5列1层43/ [索取号:TP391.44/1] | 在馆 | |
| 4 | 0363511 | 230081176 | 中心书库中库/ 中库026架B面5列1层30/ [索取号:TP391.44/1] | 在馆 | |
| 5 | 0363512 | 230081170 | 中心书库中库/ 中库026架B面5列1层40/ [索取号:TP391.44/1] | 在馆 | |
| 6 | 0363513 | 230081167 | 中心书库中库/ 中库026架B面5列1层32/ [索取号:TP391.44/1] | 在馆 | |
| 7 | 0363514 | 230081171 | 中心书库中库/ 中库026架B面5列1层42/ [索取号:TP391.44/1] | 在馆 | |
| 8 | 0364192 | 230081174 | 中心书库中库/ 中库026架B面5列1层29/ [索取号:TP391.44/1] | 在馆 | |
| 9 | 0364193 | 230081168 | 中心书库中库/ 中库026架B面5列1层36/ [索取号:TP391.44/1] | 在馆 | |
| 10 | 0364194 | 230081178 | 中心书库中库/ 中库026架B面5列1层33/ [索取号:TP391.44/1] | 在馆 | |
| 11 | 0364195 | 230076094 | 中心书库中库/ 中库026架B面5列1层37/ [索取号:TP391.44/1] | 在馆 | |
| 12 | 0364196 | 230081177 | 中心书库中库/ 中库026架B面5列1层38/ [索取号:TP391.44/1] | 在馆 | |
| 13 | 0364197 | 230081172 | 中心书库中库/ 中库026架B面5列1层34/ [索取号:TP391.44/1] | 在馆 | |
| 14 | 0364198 | 230076090 | 中心书库中库/ 中库026架B面5列1层39/ [索取号:TP391.44/1] | 在馆 | |
| 15 | 0364199 | 230076092 | 中心书库中库/ 中库026架B面5列1层35/ [索取号:TP391.44/1] | 在馆 | |
| 16 | 2001061490 | 2001061490 | 样本书库/样008架B面1层3列/ [索取号:TP391.44/1] | 在馆 |